|
|
|
|
| LEADER |
01012cam a2200253 7i4500 |
| 001 |
0000021591 |
| 005 |
20220119090000.0 |
| 022 |
0 |
0 |
|a 1985-5370
|
| 090 |
0 |
0 |
|a M 658.4
|b MEE
|
| 245 |
2 |
0 |
|a Meeting planner :
|b the comprehensive guide to MICE in Malaysia 2008/2009.
|
| 250 |
0 |
0 |
|a 2nd ed..
|
| 260 |
0 |
0 |
|a Kuala Lumpur:
|b Tourism Publication Corporation Sdn Bhd,
|c 2008.
|
| 300 |
# |
# |
|a 373 p.
|
| 650 |
0 |
0 |
|a Meetings --
|z Malaysia
|
| 650 |
0 |
0 |
|a Congress and conventions --
|z Malaysia
|
| 650 |
0 |
0 |
|a Hotel --
|z Malaysia
|
| 650 |
0 |
0 |
|a Incentives --
|z Malaysia
|
| 651 |
0 |
0 |
|a Malaysia
|
| 999 |
|
|
|a 0000022752
|b Directories
|c Malaysia
|e Business Information Centre
|
| 999 |
|
|
|a 0000022773
|b Directories
|c Malaysia
|e Business Information Centre
|
| 999 |
|
|
|a PNG000776H
|b Directories
|c Malaysia
|e MATRADE Northern Regional Office
|
| 999 |
|
|
|a SBH000755H
|b Directories
|c Malaysia
|e MATRADE Sabah
|
| 999 |
|
|
|a SRW000182H
|b Directories
|c Malaysia
|e MATRADE Sarawak
|
| 999 |
|
|
|a TRG000025H
|b Directories
|c Malaysia
|e MATRADE Eastern Regional Office
|